000 00705nam a2200205Ia 4500
003 GCL
008 140319s9999 xx 000 0 ara d
040 _aGCL /
_cGCL
082 0 4 _a301
_bم ف
100 1 _aمكتبة لبنان
245 1 0 _aالفكر الاجتماعى الخلدونى :
_bالمنهج والمفاهيم والازمة المعرفية /
_cمكتبة لبنان
250 _aالاولى
260 _aبيروت :
_bمركز دراسات الوحدة العربية ،
_c2004
300 _a208 ص ؛
_c24 سم
650 0 4 _aالمجتمع
650 0 4 _aابن خلدون
650 0 4 _aالقومية العربية
650 0 4 _aعلم الاجتماع
942 _2ddc
_cBK
999 _c33098
_d33098